MARC

LEADER 00000nam0a2200000 4500
001 120694
005 20231031125121.0
020 |a RU  |b 83-37657 
035 |a (RuTPU)RU\TPU\book\130695 
090 |a 120694 
100 |a 20070903d1983 km a0rusy5003 ca 
101 0 |a rus 
102 |a RU 
105 |a a z 001zy 
200 1 |a Плазменные ускорители  |f С. Д. Гришин, Л. В. Лесков, Н. П. Козлов 
210 |a Москва  |c Машиностроение  |d 1983 
215 |a 231 с.  |c ил. 
610 1 |a плазма 
610 1 |a ускорители заряженных частиц 
610 1 |a плазменные ускорители 
610 1 |a импульсные плазменные ускорители 
610 1 |a электроракетные двигатели 
610 1 |a применение 
675 |a 621.384.6  |z rus 
700 1 |a Гришин  |b С. Д.  |g Сергей Дмитриевич  |4 070 
701 1 |a Лесков  |b Л. В.  |g Леонид Васильевич 
701 1 |a Козлов  |b Н. П.  |g Николай Павлович 
801 0 |a RU  |b RuMRKP  |c 19950704  |g psbo 
801 1 |a RU  |b 63413507  |c 20070903  |g PSBO 
801 2 |a RU  |b 63413507  |c 20091214  |g PSBO 
900 |a Применение ускорителей в науке и промышленности 
900 |a Ускорители в промышленности и научных исследованиях 
942 |c BK